01059cam a22002777a 450000500170000000800410001701000100005801100100006802000150007803500100009308200160010311000830011924501490020226000920035130000110044359000410045459000410049559000410053659000420057765000450061965000330066465000370069790100070073490500230074199900170076420220329142518.0010822d1999 mx r 00110 spa d a84491 a85463 a9701835336 a9599604a630.71bM440 aMéxico. Dirección General de Educación Tecnológica Agropecuaria97698110aIngeniería en agronomía :bcatálogo de orientaciones de especialidadesc/por Dirección General de Educación Tecnológica Agropecuaria aMéxico, D.F. :bDirección General de Educación Tecnológica Agropecuaria,c1999. a276 p. aBATCH-UPDb10c20130110lUCH01h1305 aBATCH-UPDb10c20130410lUCH01h0821 aBATCH-UPDb10c20130914lUCH01h1242 aCONVERSIONb10c20130109lUCH01h134714aEducación agrícolazMéxico.93555214aEscuelas agrícolas.93762314aOrientación vocacional.983575 aBK aLilia Sánchez G. c84491d84491